000
00255nam a22001097a 4500
100
_a
Aathira Ajith
245
_a
Gosaigavile koon viseshangal
260
_b
Rubber, 710(July): 25-27.
_c
2025
300
_b
Malayalam
700
_a
Ridip Choudhury
942
_c
JS
999
_c
75557
_d
75557